Bramkarze Valencii CF w XXI wieku - Statystyki

Ogólne statystyki
  • Ten quiz został rozwiązany 64 razy
    8 od ostatniego zresetowania
  • Średni wynik to 5 z 19
Statystyki odpowiedzi
Lata gry Narodowość Nazwisko % Poprawnych
2021-2025 Gruzja Giorgi Mamardashvili
88%
1998-2008 Hiszpania Santiago Cañizares
88%
2019-2022 Holandia Jasper Cillessen
75%
2015-2017 Australia Mathew Ryan
75%
2017-2019 Brazylia Neto
63%
2011-2017 Brazylia Diego Alves
38%
2024- Macedonia Północna Stole Dimitrievski
25%
2009-2011 Hiszpania Miguel Ángel Moyà
13%
1999-2005 Hiszpania Andrés Palop
0%
2009-2011 Hiszpania César Sánchez
0%
2018- Hiszpania Cristian Rivero
0%
2001-2004 Hiszpania David Rangel
0%
2013-2025 Hiszpania Jaume Domènech
0%
2005-2008 Hiszpania Juan Luis Mora
0%
2004-2007 Francja Ludovic Butelle
0%
2008-2009 Brazylia Renan
0%
2007-2008 Niemcy Timo Hildebrand
0%
2007-2014 Hiszpania Vicente Guaita
0%
2014-2015 Hiszpania Yoel Rodríguez
0%
Nie znaleziono quizów pasujących do podanych kryteriów
Rozkład punktacji
Procent ludzi z każdym wynikiem
Percentyl według liczby udzielonych odpowiedzi
Twoja historia wyników
Nie rozwiązałeś tego quizu od ostatniego zresetowania